| 000 | 00568cam a2200217 4500 | ||
|---|---|---|---|
| 001 | 771740 | ||
| 005 | 20180309091339.0 | ||
| 008 | 730612s1973 paua b 001 0 eng | ||
| 010 | _a 72082815 | ||
| 020 | _a0721690386 | ||
| 040 |
_aDLC _cDLC _dDLC |
||
| 041 | _aeng | ||
| 080 | _a591 | ||
| 082 | 0 | 0 | _a591 VIL |
| 100 | 1 | _a7 | |
| 101 | _aZOO | ||
| 245 | 1 | 0 |
_aGeneral zoology _c[by] Claude A. Villee, Warren F. Walker, Jr. [and] Robert D. Barnes. |
| 504 | _aIncludes bibliographies. | ||
| 906 |
_a7 _bcbc _corignew _d2 _eopcn _f19 _gy-gencatlg |
||
| 942 |
_2ddc _cBK |
||
| 999 |
_c44633 _d44633 |
||